[Event "US Open-113"]
[Site "Vancouver"]
[Date "2012.08.11"]
[Round "8"]
[White "Waterman, Jeremy"]
[Black "Varner, Murlin"]
[Result "1-0"]
[WhiteElo "1953"]
[BlackElo "1673"]
[PlyCount "95"]
[EventDate "2012.08.04"]
[EventType "swiss"]
[EventRounds "9"]
[EventCountry "USA"]
[SourceTitle "CBM 149 Extra"]
[Source "ChessBase"]
[SourceDate "2012.08.24"]
[SourceVersion "1"]
[SourceVersionDate "2012.08.24"]
[SourceQuality "1"]

1. Nf3 Nf6 2. b3 e6 3. g3 d5 4. Bg2 c5 5. 0-0 Nc6 6. Bb2 Be7 7. d4 b6 8. c4 0-0 9. cxd5 Nxd5 10. Nc3 Rb8 11. Nxd5 exd5 12. dxc5 Bxc5 13. Ne5 Ne7 14. e3 Ba6 15. Nd3 f6 16. Qd2 d4 17. e4 Nc6 18. Rfc1 Bxd3 19. Qxd3 Rc8 20. a3 a5 21. Bh3 Ne5 22. Qd1 Rc6 23. f4 d3+ 24. Rxc5 Rxc5 25. fxe5 fxe5 26. Be6+ Kh8 27. b4 axb4 28. axb4 Rb5 29. Bc3 Rxb4 30. Bxb4 Qd4+ 31. Kg2 Qxb4 32. Bd5 Qd4 33. Ra2 g6 34. Qg1 Qxg1+ 35. Kxg1 Rc8 36. Rd2 Rc1+ 37. Kf2 Rc2 38. Ke3 b5 39. Rxc2 dxc2 40. Kd2 Kg7 41. Kxc2 Kf6 42. Kb3 Kg5 43. Be6 h5 44. h4+ Kf6 45. Bd7 g5 46. Bxb5 gxh4 47. gxh4 Ke7 48. Be2 1-0

[Event "US Open-113"]
[Site "Vancouver"]
[Date "2012.08.07"]
[Round "5"]
[White "Varner, Murlin"]
[Black "Sawyer, David L"]
[Result "1-0"]
[WhiteElo "1673"]
[BlackElo "1944"]
[PlyCount "69"]
[EventDate "2012.08.04"]
[EventType "swiss"]
[EventRounds "9"]
[EventCountry "USA"]
[SourceTitle "CBM 149 Extra"]
[Source "ChessBase"]
[SourceDate "2012.08.24"]
[SourceVersion "1"]
[SourceVersionDate "2012.08.24"]
[SourceQuality "1"]

1. c4 c5 2. g3 g6 3. Bg2 Bg7 4. Nf3 Nc6 5. 0-0 e5 6. d3 Nge7 7. Nc3 0-0 8. Rb1 d6 9. Bd2 h6 10. Qc1 Kh7 11. b3 Bg4 12. h3 Bd7 13. Ne4 Qb8 14. g4 f5 15. gxf5 gxf5 16. Ng3 Nd4 17. Nh2 f4 18. Be4+ Bf5 19. Nxf5 Nxe2+ 20. Kh1 Nxc1 21. Nxe7+ Kh8 22. Ng6+ Kg8 23. Bd5+ Kh7 24. Nxf8+ Qxf8 25. Rbxc1 Rb8 26. Nf3 Qe7 27. Rg1 Rc8 28. Rg2 Rc7 29. Rcg1 Qd8 30. Rg4 b6 31. Nh4 h5 32. Rg5 Bh6 33. Be4+ Kh8 34. Ng6+ Kg7 35. Rxh5 1-0

[Event "US op weekend 113th"]
[Site "Vancouver"]
[Date "2012.08.04"]
[Round "2"]
[White "Allyn, Robert C"]
[Black "Varner, Murlin"]
[Result "1-0"]
[WhiteElo "1731"]
[BlackElo "1663"]
[PlyCount "57"]
[EventDate "2012.08.04"]
[EventType "swiss"]
[EventRounds "5"]
[EventCountry "USA"]
[SourceTitle "CBM 149 Extra"]
[Source "ChessBase"]
[SourceDate "2012.08.24"]
[SourceVersion "1"]
[SourceVersionDate "2012.08.24"]
[SourceQuality "1"]

1. e4 e6 2. d4 d5 3. exd5 exd5 4. Bf4 Bd6 5. Qd2 Ne7 6. Nf3 Nbc6 7. Bb5 0-0 8. Nc3 Nb4 9. Ba4 c6 10. a3 Bxf4 11. Qxf4 Ng6 12. Qg3 Re8+ 13. Kd2 Na6 14. Rae1 Be6 15. h4 h5 16. Re3 Ne7 17. Qg5 Bg4 18. Rhe1 f6 19. Qf4 Qd7 20. Nd1 Ng6 21. Qg3 Rxe3 22. Nxe3 Bxf3 23. Qxf3 Qc7 24. g3 Qa5+ 25. c3 Qxa4 26. Qxh5 Kf7 27. Nf5 Qb3 28. Kc1 Qc4 29. Nd6+ 1-0

[Event "US Open-113"]
[Site "Vancouver"]
[Date "2012.08.04"]
[Round "1"]
[White "Varner, Murlin"]
[Black "Van Dyke, Patrick"]
[Result "0-1"]
[WhiteElo "1663"]
[BlackElo "2083"]
[PlyCount "90"]
[EventDate "2012.08.04"]
[EventType "swiss"]
[EventRounds "9"]
[EventCountry "USA"]
[SourceTitle "CBM 149 Extra"]
[Source "ChessBase"]
[SourceDate "2012.08.24"]
[SourceVersion "1"]
[SourceVersionDate "2012.08.24"]
[SourceQuality "1"]

1. e4 c5 2. Nf3 Nc6 3. d4 cxd4 4. Nxd4 g6 5. Nc3 Bg7 6. Be3 Nf6 7. Be2 0-0 8. 0-0 d5 9. exd5 Nxd5 10. Nxd5 Qxd5 11. Bf3 Qa5 12. Nxc6 bxc6 13. c3 Rb8 14. Qc1 c5 15. a3 c4 16. Re1 Rd8 17. Bf4 e5 18. Bg3 Be6 19. Qc2 Rb3 20. Ra2 Rdb8 21. Bd1 Bf5 22. Qd2 R3b7 23. f4 Bb1 24. b4 cxb3 25. Rb2 Bf5 26. fxe5 Be6 27. Bf3 Rd7 28. Qe2 Bf8 29. Bg4 Qxc3 30. Bxe6 fxe6 31. Reb1 Bxa3 32. Be1 Qc5+ 33. Bf2 Qd5 34. Rc2 bxc2 35. Rxb8+ Kg7 36. Qxc2 Qd1+ 37. Qxd1 Rxd1+ 38. Be1 Rxe1+ 39. Kf2 Rxe5 40. Rb7+ Kh6 41. Kf3 Bc5 42. h4 Re3+ 43. Kg4 Bd6 44. h5 Rg3+ 45. Kh4 g5# 0-1

[Event "IECG CP.2000.P.00051"]
[Site "IECG email"]
[Date "2000.10.01"]
[Round "?"]
[White "Luehrig, Walter"]
[Black "Varner, Murlin"]
[Result "1-0"]
[WhiteElo "2008"]
[BlackElo "1657"]
[PlyCount "61"]
[EventDate "2000.10.01"]
[EventType "tourn (corr)"]
[EventRounds "6"]
[EventCountry "BUL"]
[SourceTitle "Corr 2008"]
[Source "ChessBase"]
[SourceDate "2008.06.24"]
[SourceVersion "1"]
[SourceVersionDate "2008.06.24"]
[SourceQuality "1"]

1. d4 d5 2. c4 c6 3. Nf3 Nf6 4. Nc3 dxc4 5. a4 Bf5 6. Nh4 Bg4 7. h3 Bh5 8. g4 Bg6 9. Nxg6 hxg6 10. e3 e6 11. Bxc4 Bb4 12. Qf3 Nbd7 13. Kf1 Nb6 14. Bb3 Qd6 15. a5 Nbd5 16. e4 Nxc3 17. bxc3 Nxe4 18. Qxe4 Bxc3 19. Ra4 Rd8 20. Ba3 Qd7 21. Bc5 Bxa5 22. Rxa5 b6 23. Ba4 Rc8 24. Bxc6 Qxc6 25. Qxc6+ Rxc6 26. Rxa7 Rh4 27. Ba3 Rc3 28. Kg2 b5 29. Rb1 Rhxh3 30. Rxb5 Rb3 31. Bb4 1-0

[Event "IECG CP.2000.P.00051"]
[Site "IECG email"]
[Date "2000.10.01"]
[Round "?"]
[White "Varner, Murlin"]
[Black "Holmes, Nick D"]
[Result "0-1"]
[WhiteElo "1657"]
[BlackElo "1479"]
[PlyCount "56"]
[EventDate "2000.10.01"]
[EventType "tourn (corr)"]
[EventRounds "6"]
[EventCountry "BUL"]
[SourceTitle "Corr 2008"]
[Source "ChessBase"]
[SourceDate "2008.06.24"]
[SourceVersion "1"]
[SourceVersionDate "2008.06.24"]
[SourceQuality "1"]

1. e4 c5 2. Nf3 d6 3. d4 cxd4 4. Nxd4 Nf6 5. Nc3 a6 6. Bg5 e6 7. f4 Be7 8. Qf3 0-0 9. 0-0-0 h6 10. Bh4 Nd5 11. Bxe7 Nxe7 12. Qd3 b5 13. Nf3 b4 14. Na4 d5 15. exd5 Nxd5 16. c4 Qc7 17. g3 Bd7 18. Nc3 Nxf4 19. Qe3 bxc3 20. gxf4 cxb2+ 21. Kxb2 Ba4 22. Rd2 Nc6 23. Rg1 Rfd8 24. Ka1 Rxd2 25. Qxd2 Rd8 26. Bd3 Qd6 27. Qc3 Nd4 28. Ne5 Qc5 0-1

[Event "IECG C1.1999.0.00227"]
[Site "IECG email"]
[Date "1999.08.10"]
[Round "?"]
[White "Heidenfors, Karl G Ronald"]
[Black "Varner, Murlin"]
[Result "1-0"]
[WhiteElo "2170"]
[BlackElo "1925"]
[PlyCount "51"]
[EventDate "1999.08.10"]
[EventType "tourn (corr)"]
[EventRounds "6"]
[SourceTitle "Corr 2008"]
[Source "ChessBase"]
[SourceDate "2008.06.24"]
[SourceVersion "1"]
[SourceVersionDate "2008.06.24"]
[SourceQuality "1"]

1. e4 e5 2. Nf3 f5 3. Nxe5 Qf6 4. d4 d6 5. Nc4 fxe4 6. Be2 d5 7. Ne3 c6 8. c4 Be6 9. Nc3 Qf7 10. 0-0 Nf6 11. f3 exf3 12. Bxf3 Qd7 13. cxd5 cxd5 14. Nexd5 Nxd5 15. Bxd5 Bxd5 16. Qe2+ Kd8 17. Bg5+ Be7 18. Bxe7+ Qxe7 19. Qxe7+ Kxe7 20. Nxd5+ Kd6 21. Nc3 Re8 22. Nb5+ Kc6 23. a4 Na6 24. Rf7 Re2 25. Rc1+ Kb6 26. Nd6 1-0

[Event "IECG C1.1999.0.00227"]
[Site "IECG email"]
[Date "1999.08.10"]
[Round "?"]
[White "Varner, Murlin"]
[Black "Betita, Joeffrey"]
[Result "1-0"]
[WhiteElo "1925"]
[BlackElo "1800"]
[PlyCount "55"]
[EventDate "1999.08.10"]
[EventType "tourn (corr)"]
[EventRounds "6"]
[SourceTitle "Corr 2008"]
[Source "ChessBase"]
[SourceDate "2008.06.24"]
[SourceVersion "1"]
[SourceVersionDate "2008.06.24"]
[SourceQuality "1"]

1. e4 e6 2. d4 Nf6 3. Nd2 c5 4. Ngf3 d5 5. exd5 Nxd5 6. Nb3 cxd4 7. Nbxd4 Bc5 8. Be2 0-0 9. 0-0 e5 10. Nb3 Be7 11. Nxe5 Nf6 12. Qxd8 Rxd8 13. Be3 Nc6 14. Nxc6 bxc6 15. Rfe1 Nd5 16. Bd4 Rd6 17. Bf3 Bf8 18. c4 Nb4 19. Re8 Nd3 20. Rd1 Nf4 21. Rxf8+ Kxf8 22. Bc5 Be6 23. Bxd6+ Kg8 24. Bxf4 Rc8 25. Bc7 Kf8 26. Rd8+ Rxd8 27. Bxd8 Bxc4 28. Bxc6 1-0